[Event "2. Bundesliga Ost 2012/2013"]
[Site "6.+7.10., 17.+18.11., 1.12., 2.+3.2., 9.+10.3., 6.
[Date "2012.12.01"]
[Round "5"]
[Board "6"]
[White "Ernst, Michael"]
[Black "Lovrinovic, Christian"]
[Result "1-0"]
[WhiteElo "2214"]
[BlackElo "2139"]
[PlyCount "111"]
[EventDate "2012.10.06"]
[EventType "team"]
[EventRounds "11"]
[EventCountry "AUT"]
[WhiteTeam "SK Wien-Ottakring"]
[BlackTeam "Raiffeisen Waehring"]

1. d4 Nf6 2. c4 g6 3. Nc3 Bg7 4. e4 d6 5. h3 O-O 6. Nf3 c6 7. Bg5 h6 8. Be3 a6
9. a4 Nbd7 10. b4 c5 11. bxc5 dxc5 12. d5 Qa5 13. Bd2 Ne8 14. Ra3 Qc7 15. Bd3
g5 16. O-O Nef6 17. Ne2 Rb8 18. Rb3 e6 19. Qc2 Nh5 20. g4 Nf4 21. Nxf4 gxf4 22.
Rfb1 Bf6 23. Qc1 e5 24. Kh2 Qd8 25. Qe1 Qc7 26. Bc3 Re8 27. Kg2 Bd8 28. Kf1 Qd6
29. Ke2 Kh7 30. Qh1 Rg8 31. Qh2 Bf6 32. Rg1 Qe7 33. Rbb1 Nf8 34. Rb6 Nd7 35.
Rb2 Nf8 36. Bc2 Rg6 37. a5 Bd7 38. Rgb1 Bc8 39. Ne1 Bg7 40. Nd3 Nd7 41. f3 Bf8
42. Ba4 b5 43. axb6 Rgxb6 44. Bxd7 Rxb2+ 45. Rxb2 Rxb2+ 46. Bxb2 Qxd7 47. Bxe5
Qa4 48. Qxf4 f5 49. gxf5 h5 50. Qg3 Qe8 51. Nxc5 Bh6 52. Nd3 a5 53. c5 a4 54.
c6 a3 55. d6 Qf7 56. Qg6+ 1-0

[Event "2. Bundesliga Ost 2012/2013"]
[Site "6.+7.10., 17.+18.11., 1.12., 2.+3.2., 9.+10.3., 6.
[Date "2012.12.01"]
[Round "5"]
[Board "1"]
[White "Kummer, Helmut"]
[Black "Vass, Frantisek"]
[Result "1/2-1/2"]
[WhiteElo "2353"]
[BlackElo "2292"]
[PlyCount "116"]
[EventDate "2012.10.06"]
[EventType "team"]
[EventRounds "11"]
[EventCountry "AUT"]
[WhiteTeam "Purbach"]
[BlackTeam "ASVOE Lackenbach"]

1. d4 d5 2. c4 Bf5 3. Nc3 e6 4. Nf3 Nf6 5. Qb3 Nc6 6. c5 Rb8 7. Bf4 Nh5 8. Bg5
Be7 9. Bxe7 Qxe7 10. e3 O-O 11. Bb5 a6 12. Bxc6 bxc6 13. Qa3 e5 14. Nxe5 Qg5
15. g3 Rfe8 16. O-O-O Nf6 17. h4 Qh6 18. Rhe1 Rxe5 19. dxe5 Ng4 20. f4 Nf2 21.
Rd2 Nd3+ 22. Rxd3 Bxd3 23. Nxd5 cxd5 24. Qxd3 Qc6 25. Kb1 Qxc5 26. Rc1 Qb6 27.
b3 c6 28. Qd4 Qb5 29. Kb2 h6 30. Rc2 a5 31. Qc5 Qd3 32. Qxc6 Qxe3 33. Qc3 Qe4
34. Rd2 a4 35. Rd4 Qg2+ 36. Qd2 Qxg3 37. Rxa4 Qxh4 38. Qxd5 Qf2+ 39. Ka3 Qe3
40. Qc6 h5 41. Re4 Qa7+ 42. Kb2 Rd8 43. Qc2 h4 44. f5 h3 45. e6 fxe6 46. fxe6
Qe7 47. a4 Qf6+ 48. Ka3 Qa1+ 49. Qa2 Qc1+ 50. Qb2 Qc5+ 51. Ka2 Qe7 52. Re3 Rd6
53. Rxh3 Rxe6 54. Rh2 Re4 55. Qc2 Qe6 56. Kb2 Qe5+ 57. Ka2 Qe6 58. Kb2 Qe5+
1/2-1/2

[Event "2. Bundesliga Ost 2012/2013"]
[Site "6.+7.10., 17.+18.11., 1.12., 2.+3.2., 9.+10.3., 6.
[Date "2012.12.01"]
[Round "5"]
[Board "2"]
[White "Krpelan, Wolfgang"]
[Black "Heiny, Johannes"]
[Result "0-1"]
[WhiteElo "2246"]
[BlackElo "2264"]
[PlyCount "64"]
[EventDate "2012.10.06"]
[EventType "team"]
[EventRounds "11"]
[EventCountry "AUT"]
[WhiteTeam "ASVOE Lackenbach"]
[BlackTeam "Purbach"]

1. e4 e6 2. d4 d5 3. Nc3 Nf6 4. e5 Nfd7 5. f4 c5 6. Nf3 Nc6 7. Be3 a6 8. Qd2 b5
9. dxc5 Bxc5 10. Bxc5 Nxc5 11. Nd4 Qb6 12. b4 Nxb4 13. Ncxb5 Nxc2+ 14. Qxc2
axb5 15. Bxb5+ Bd7 16. Rb1 O-O 17. O-O Ne4 18. Bxd7 Qxd4+ 19. Kh1 Qa7 20. Bb5
Rfc8 21. Qb2 Qxa2 22. Bd3 Nd2 23. Qxa2 Rxa2 24. Ra1 Rxa1 25. Rxa1 Nb3 26. Rb1
Rc1+ 27. Rxc1 Nxc1 28. Bc2 d4 29. Kg1 Ne2+ 30. Kf2 Nxf4 31. Be4 Ng6 32. Bxg6
hxg6 0-1

[Event "2. Bundesliga Ost 2012/2013"]
[Site "6.+7.10., 17.+18.11., 1.12., 2.+3.2., 9.+10.3., 6.
[Date "2012.12.01"]
[Round "5"]
[Board "3"]
[White "Wolfram, Bernd"]
[Black "Olle, Peter"]
[Result "1/2-1/2"]
[WhiteElo "2234"]
[BlackElo "2201"]
[PlyCount "59"]
[EventDate "2012.10.06"]
[EventType "team"]
[EventRounds "11"]
[EventCountry "AUT"]
[WhiteTeam "Purbach"]
[BlackTeam "ASVOE Lackenbach"]

1. c4 g6 2. g3 Bg7 3. Bg2 c5 4. Nc3 Nc6 5. Nf3 d6 6. O-O Qd7 7. a3 b6 8. b4 Bb7
9. Rb1 Nd4 10. Bb2 Nxf3+ 11. exf3 Kf8 12. Qb3 h5 13. Ne4 Rc8 14. Bxg7+ Kxg7 15.
Qb2+ f6 16. d4 cxb4 17. Qxb4 Bxe4 18. fxe4 h4 19. Rfd1 Rh5 20. Rbc1 hxg3 21.
hxg3 Qg4 22. Qb3 Rg5 23. Bf3 Qh3 24. Bg2 Qg4 25. Qd3 Ra5 26. Rc3 Nh6 27. Bf3
Qh3 28. Bg2 Qg4 29. Bf3 Qh3 30. Bg2 1/2-1/2

[Event "2. Bundesliga Ost 2012/2013"]
[Site "6.+7.10., 17.+18.11., 1.12., 2.+3.2., 9.+10.3., 6.
[Date "2012.12.01"]
[Round "5"]
[Board "4"]
[White "Galavics, Hermann"]
[Black "Zimmermann, Heinz"]
[Result "0-1"]
[WhiteElo "2062"]
[BlackElo "2177"]
[PlyCount "60"]
[EventDate "2012.10.06"]
[EventType "team"]
[EventRounds "11"]
[EventCountry "AUT"]
[WhiteTeam "ASVOE Lackenbach"]
[BlackTeam "Purbach"]

1. d4 Nf6 2. c4 g6 3. Nc3 Bg7 4. e4 d6 5. f3 O-O 6. Be3 c6 7. Qd2 a6 8. Rb1
Nbd7 9. Bd3 e5 10. d5 cxd5 11. cxd5 b5 12. b4 Nh5 13. Nge2 f5 14. O-O Nb6 15.
Kh1 Bd7 16. Rfc1 f4 17. Bf2 g5 18. Ng1 Nf6 19. Qe2 g4 20. a4 Nxa4 21. Nxa4 bxa4
22. Bxa6 g3 23. hxg3 fxg3 24. Bxg3 Nh5 25. Be1 Nf4 26. Qf1 Rxa6 27. Qxa6 Qg5
28. Qf1 Qh5+ 29. Nh3 Nxh3 30. g4 Bxg4 0-1

[Event "2. Bundesliga Ost 2012/2013"]
[Site "6.+7.10., 17.+18.11., 1.12., 2.+3.2., 9.+10.3., 6.
[Date "2012.12.01"]
[Round "5"]
[Board "6"]
[White "Reitgruber, Dietmar"]
[Black "Heiny, Michael"]
[Result "1/2-1/2"]
[WhiteElo "1945"]
[BlackElo "2090"]
[PlyCount "62"]
[EventDate "2012.10.06"]
[EventType "team"]
[EventRounds "11"]
[EventCountry "AUT"]
[WhiteTeam "ASVOE Lackenbach"]
[BlackTeam "Purbach"]

1. e4 e6 2. c4 d5 3. cxd5 exd5 4. exd5 Qxd5 5. Nc3 Qd8 6. Bc4 Bc5 7. Bxf7+ Kxf7
8. Qh5+ g6 9. Qxc5 Qe7+ 10. Qxe7+ Nxe7 11. d4 Nd7 12. Be3 Nf6 13. Nf3 c6 14.
O-O Kg7 15. Rad1 Ned5 16. Nxd5 Nxd5 17. Ne5 Bf5 18. a3 Rad8 19. Rd2 Rhe8 20.
Rfd1 Bc2 21. Re1 Nxe3 22. Rxe3 Bf5 23. f4 c5 24. d5 Rd6 25. b3 Red8 26. g4 Be6
27. Red3 Rxd5 28. Rxd5 Rxd5 29. Rc2 b6 30. Kf2 Kf6 31. Rc3 Rd2+ 1/2-1/2

[Event "2. Bundesliga Ost 2012/2013"]
[Site "6.+7.10., 17.+18.11., 1.12., 2.+3.2., 9.+10.3., 6.
[Date "2012.12.01"]
[Round "5"]
[Board "1"]
[White "Penz, Harald"]
[Black "Lipka, Juraj"]
[Result "1/2-1/2"]
[WhiteElo "2311"]
[BlackElo "2441"]
[PlyCount "167"]
[EventDate "2012.10.06"]
[EventType "team"]
[EventRounds "11"]
[EventCountry "AUT"]
[WhiteTeam "SK Hietzing"]
[BlackTeam "ASVOE Pamhagen"]

1. e4 e6 2. d4 d5 3. exd5 exd5 4. Nf3 Nf6 5. Bd3 Bd6 6. O-O O-O 7. Nc3 Bg4 8.
Bg5 c6 9. Re1 Nbd7 10. h3 Bh5 11. g4 Bg6 12. Ne5 Bxd3 13. Qxd3 Qc7 14. Nxd7
Nxd7 15. Re2 Rfe8 16. Rae1 Rxe2 17. Rxe2 Nf8 18. Nd1 Ne6 19. Be3 Re8 20. c3 Qe7
21. Bd2 Qf6 22. Re1 Re7 23. Qf1 Kf8 24. b3 Qf3 25. Re3 Qf4 26. Qg2 Ng5 27. Kf1
Ne4 28. Be1 Qf6 29. f3 Ng5 30. Rxe7 Bxe7 31. Ke2 Qh6 32. Qh2 Qd6 33. Qxd6 Bxd6
34. h4 Ne6 35. Bd2 Bg3 36. h5 Ke7 37. Nb2 g6 38. hxg6 fxg6 39. Nd3 h5 40. gxh5
gxh5 41. f4 Bh4 42. Kf3 Ng7 43. Nc5 b6 44. Nd3 Bf6 45. Be1 Ke6 46. Bf2 Nf5 47.
Ne5 Ne7 48. Nd3 Kf5 49. Bg3 Ke6 50. Bf2 Nc8 51. Ne5 Ne7 52. Nd3 Nf5 53. Ne5
Bxe5 54. fxe5 Kf7 55. Kf4 Kg6 56. Be1 Ng7 57. Bd2 Ne6+ 58. Kg3 c5 59. Be3 Kf5
60. Kh4 Ke4 61. Bg1 Kd3 62. Kxh5 Kxc3 63. dxc5 bxc5 64. Kg6 d4 65. Kf5 Nc7 66.
Ke4 d3 67. Be3 d2 68. Bxd2+ Kxd2 69. e6 Kc3 70. Ke5 c4 71. bxc4 Kxc4 72. Kd6
Ne8+ 73. Ke7 Nc7 74. Kd6 Nd5 75. e7 Nf6 76. Ke6 Ne8 77. Kd7 Ng7 78. e8=Q Nxe8
79. Kxe8 a5 80. Kd7 a4 81. Ke6 a3 82. Ke5 Kd3 83. Kf4 Ke2 84. Kg3 1/2-1/2

[Event "2. Bundesliga Ost 2012/2013"]
[Site "6.+7.10., 17.+18.11., 1.12., 2.+3.2., 9.+10.3., 6.
[Date "2012.12.01"]
[Round "5"]
[Board "2"]
[White "Maslik, Miroslav"]
[Black "Vechet, Stanislav"]
[Result "1/2-1/2"]
[WhiteElo "2376"]
[BlackElo "2176"]
[PlyCount "130"]
[EventDate "2012.10.06"]
[EventType "team"]
[EventRounds "11"]
[EventCountry "AUT"]
[WhiteTeam "ASVOE Pamhagen"]
[BlackTeam "SK Hietzing"]

1. d4 Nf6 2. c4 e6 3. g3 d5 4. Nf3 Nbd7 5. Bg2 c6 6. Nbd2 Bd6 7. O-O O-O 8. Qc2
Re8 9. e4 Nxe4 10. Nxe4 dxe4 11. Qxe4 e5 12. Bg5 f6 13. Bd2 exd4 14. Qxd4 Ne5
15. Bf4 Nxf3+ 16. Bxf3 Bxf4 17. Qxf4 Be6 18. b4 Qd3 19. Rac1 a6 20. Rfe1 Qf5
21. Qxf5 Bxf5 22. a4 Rxe1+ 23. Rxe1 Kf8 24. c5 Bc2 25. Ra1 Ke7 26. Ra2 Bd3 27.
Rd2 Rd8 28. Bd1 Be4 29. Rxd8 Kxd8 30. f4 Kc7 31. Kf2 h6 32. Ke3 Bb1 33. Kd4 Bf5
34. h4 Kd8 35. g4 Be6 36. g5 Ke7 37. gxh6 gxh6 38. Bc2 Bg4 39. Ke4 Be6 40. Bd1
Bd7 41. Be2 Kf7 42. Bh5+ Kg7 43. Kd4 Kh7 44. Ke3 Kg7 45. Kf3 Be6 46. Bg4 f5 47.
Bh3 Kf6 48. Ke3 Bb3 49. a5 Bd5 50. Bf1 Bh1 51. Kd4 Bf3 52. Bd3 Bg2 53. Be2 Bh1
54. Bh5 Be4 55. Kc3 Bg2 56. Kc4 Bd5+ 57. Kd3 Bg2 58. Kd4 Bd5 59. Be8 Ke7 60.
Bg6 Kf6 61. Bh5 Bg2 62. Be8 Ke7 63. Bg6 Kf6 64. Bh7 Be4 65. Bg8 Bg2 1/2-1/2

[Event "2. Bundesliga Ost 2012/2013"]
[Site "6.+7.10., 17.+18.11., 1.12., 2.+3.2., 9.+10.3., 6.
[Date "2012.12.01"]
[Round "5"]
[Board "3"]
[White "Janetschek, Karl"]
[Black "Vitouch, Anatol"]
[Result "1-0"]
[WhiteElo "2257"]
[BlackElo "2338"]
[PlyCount "41"]
[EventDate "2012.10.06"]
[EventType "team"]
[EventRounds "11"]
[EventCountry "AUT"]
[WhiteTeam "SK Hietzing"]
[BlackTeam "ASVOE Pamhagen"]

1. e4 e6 2. d4 d5 3. Nd2 Nf6 4. e5 Nfd7 5. Bd3 c5 6. c3 b6 7. Qe2 cxd4 8. cxd4
Nc6 9. Ngf3 Nb4 10. O-O Nxd3 11. Qxd3 a5 12. Rd1 Ba6 13. Qe3 Be7 14. Nf1 Bxf1
15. Kxf1 O-O 16. Bd2 b5 17. Qe1 Qb6 18. Rac1 Nb8 19. Rc2 Nc6 20. Rdc1 Nxd4 21.
Qe3 1-0

[Event "2. Bundesliga Ost 2012/2013"]
[Site "6.+7.10., 17.+18.11., 1.12., 2.+3.2., 9.+10.3., 6.
[Date "2012.12.01"]
[Round "5"]
[Board "4"]
[White "Hangweyrer, Manfred"]
[Black "Prager, Manfred"]
[Result "1-0"]
[WhiteElo "2367"]
[BlackElo "2035"]
[PlyCount "87"]
[EventDate "2012.10.06"]
[EventType "team"]
[EventRounds "11"]
[EventCountry "AUT"]
[WhiteTeam "ASVOE Pamhagen"]
[BlackTeam "SK Hietzing"]

1. e4 c5 2. Nf3 d6 3. Bb5+ Bd7 4. Bxd7+ Qxd7 5. c4 Nc6 6. d4 cxd4 7. Nxd4 Nf6
8. f3 g6 9. Nc3 Bg7 10. Be3 O-O 11. Rc1 Rfd8 12. O-O Ne8 13. Nde2 b6 14. Qd2
Qb7 15. b3 Rac8 16. Rfd1 Rc7 17. Bg5 Rdc8 18. Qe3 Nd8 19. Qf2 Ne6 20. Be3 Nf8
21. h3 Ne6 22. Nd5 Rd7 23. Nec3 N6c7 24. Bd4 Nxd5 25. exd5 e5 26. dxe6 fxe6 27.
Bxg7 Rxg7 28. Qe3 Re7 29. Re1 Ng7 30. Rcd1 Nf5 31. Qd3 Qc6 32. Ne4 Rd8 33. Qc3
e5 34. Qd2 Kg7 35. Qg5 Rf8 36. Rxd6 Qc7 37. Rd5 Nd4 38. Nd6 h6 39. Qd2 Rf6 40.
Ne4 Rf8 41. Re3 Rd8 42. Nc3 Rde8 43. Re4 Rf8 44. Rdxd4 1-0

[Event "2. Bundesliga Ost 2012/2013"]
[Site "6.+7.10., 17.+18.11., 1.12., 2.+3.2., 9.+10.3., 6.
[Date "2012.12.01"]
[Round "5"]
[Board "5"]
[White "Prager, Michael"]
[Black "Bezuch, Martin"]
[Result "0-1"]
[WhiteElo "1996"]
[BlackElo "2291"]
[PlyCount "32"]
[EventDate "2012.10.06"]
[EventType "team"]
[EventRounds "11"]
[EventCountry "AUT"]
[WhiteTeam "SK Hietzing"]
[BlackTeam "ASVOE Pamhagen"]

1. e4 g6 2. d4 Bg7 3. Nc3 d6 4. Be3 a6 5. Qd2 Nd7 6. Bd3 b5 7. f4 Bb7 8. Nf3 c5
9. O-O Ngf6 10. e5 Ng4 11. dxc5 dxe5 12. fxe5 Bxf3 13. Rxf3 Ndxe5 14. Rff1 Nxd3
15. cxd3 Nxe3 16. Qxe3 Bd4 0-1

[Event "2. Bundesliga Ost 2012/2013"]
[Site "6.+7.10., 17.+18.11., 1.12., 2.+3.2., 9.+10.3., 6.
[Date "2012.12.01"]
[Round "5"]
[Board "6"]
[White "Kuthan, Andreas"]
[Black "Allram, Sebastian"]
[Result "1-0"]
[WhiteElo "2219"]
[BlackElo "1972"]
[PlyCount "51"]
[EventDate "2012.10.06"]
[EventType "team"]
[EventRounds "11"]
[EventCountry "AUT"]
[WhiteTeam "ASVOE Pamhagen"]
[BlackTeam "SK Hietzing"]

1. d4 Nf6 2. c4 c5 3. d5 b5 4. cxb5 a6 5. b6 g6 6. Nc3 Qxb6 7. Nf3 Bg7 8. e4
O-O 9. Nd2 d6 10. a4 Bb7 11. a5 Qc7 12. Nc4 Nbd7 13. Be2 Rfe8 14. O-O e6 15.
Bf4 exd5 16. Bxd6 Qc6 17. exd5 Nxd5 18. Bf3 N7f6 19. Qd2 Bf8 20. Bxf8 Kxf8 21.
Nb6 Rad8 22. Rad1 Re5 23. Ncxd5 Nxd5 24. Nxd5 Qd6 25. Qh6+ Kg8 26. Ne3 1-0

[Event "2. Bundesliga Ost 2012/2013"]
[Site "6.+7.10., 17.+18.11., 1.12., 2.+3.2., 9.+10.3., 6.
[Date "2012.12.01"]
[Round "5"]
[Board "1"]
[White "Pinter, Erik"]
[Black "Baumegger, Siegfried"]
[Result "1/2-1/2"]
[WhiteElo "2379"]
[BlackElo "2462"]
[PlyCount "123"]
[EventDate "2012.10.06"]
[EventType "team"]
[EventRounds "11"]
[EventCountry "AUT"]
[WhiteTeam "Blackburne Nickelsdorf"]
[BlackTeam "tschaturanga"]

1. e4 c5 2. Nf3 Nc6 3. Bb5 g6 4. O-O Bg7 5. c3 Nf6 6. Re1 O-O 7. d4 d5 8. exd5
Qxd5 9. c4 Qd6 10. Bxc6 bxc6 11. Nc3 cxd4 12. Qxd4 Ng4 13. Qxd6 exd6 14. Bf4
Rd8 15. h3 Nf6 16. Rad1 Ba6 17. b3 d5 18. cxd5 Nxd5 19. Nxd5 cxd5 20. Be5 f6
21. Bd4 Bb5 22. Rc1 a5 23. Re6 Bd7 24. Rb6 Rdc8 25. Rxc8+ Rxc8 26. Bxf6 Rc1+
27. Kh2 Bxf6 28. Rxf6 Rc2 29. Rd6 Bf5 30. a4 Be4 31. Kg3 Rc3 32. Rb6 Bc2 33. b4
axb4 34. Rxb4 Ra3 35. Kf4 Rxa4 36. Rxa4 Bxa4 37. Ke5 Kg7 38. Nd4 g5 39. Nf5+
Kg6 40. Ne7+ Kf7 41. Nxd5 Bc6 42. g3 Bb7 43. Ne3 Bc8 44. Nf5 Bd7 45. h4 Bxf5
46. Kxf5 gxh4 47. gxh4 Ke7 48. Ke5 Kf7 49. f4 Ke7 50. f5 Kf7 51. f6 Kf8 52. Ke6
Ke8 53. Kf5 Kf7 54. Ke5 Kf8 55. h5 Ke8 56. Kf5 Kf7 57. Ke5 Ke8 58. Kf4 Kf7 59.
Kf5 Ke8 60. Ke6 Kf8 61. f7 h6 62. Kf6 1/2-1/2

[Event "2. Bundesliga Ost 2012/2013"]
[Site "6.+7.10., 17.+18.11., 1.12., 2.+3.2., 9.+10.3., 6.
[Date "2012.12.01"]
[Round "5"]
[Board "2"]
[White "Kreindl, Helmut"]
[Black "Vlcek, Stanislav"]
[Result "0-1"]
[WhiteElo "2207"]
[BlackElo "2292"]
[PlyCount "82"]
[EventDate "2012.10.06"]
[EventType "team"]
[EventRounds "11"]
[EventCountry "AUT"]
[WhiteTeam "tschaturanga"]
[BlackTeam "Blackburne Nickelsdorf"]

1. d4 Nf6 2. Nf3 g6 3. e3 Bg7 4. Be2 O-O 5. O-O c5 6. c3 Qc7 7. b3 d6 8. Bb2
Bf5 9. c4 a6 10. Nc3 Nc6 11. d5 Na5 12. Nh4 Bd7 13. Bd3 Rab8 14. Qe2 b5 15.
cxb5 axb5 16. Bxb5 Bxb5 17. Nxb5 Qb7 18. Nc3 Nxd5 19. Nxd5 Bxb2 20. Qxb2 Qxd5
21. Qc3 Rb4 22. Rfd1 Qb7 23. Nf3 Ra8 24. Nd2 Rg4 25. f3 Rb4 26. Rab1 Nc6 27.
Rb2 Ne5 28. f4 Ng4 29. h3 Nf6 30. Nc4 Ne4 31. Qd3 Rb8 32. Rc2 Nf6 33. Nb2 Qa7
34. Na4 c4 35. Rxc4 Rxc4 36. Qxc4 Qxe3+ 37. Kh2 Ne4 38. Qc1 Qg3+ 39. Kg1 Nf2
40. Rf1 Nxh3+ 41. Kh1 Nf2+ 0-1

[Event "2. Bundesliga Ost 2012/2013"]
[Site "6.+7.10., 17.+18.11., 1.12., 2.+3.2., 9.+10.3., 6.
[Date "2012.12.01"]
[Round "5"]
[Board "3"]
[White "Bachofner, Andreas"]
[Black "Leitner, Gerald"]
[Result "0-1"]
[WhiteElo "2207"]
[BlackElo "2206"]
[PlyCount "82"]
[EventDate "2012.10.06"]
[EventType "team"]
[EventRounds "11"]
[EventCountry "AUT"]
[WhiteTeam "Blackburne Nickelsdorf"]
[BlackTeam "tschaturanga"]

1. e4 c5 2. Nc3 g6 3. f4 Bg7 4. Nf3 Nc6 5. Bc4 e6 6. O-O Nge7 7. e5 d5 8. exd6
Qxd6 9. Ne4 Qc7 10. d3 b6 11. Qe1 Nf5 12. c3 Bb7 13. Neg5 O-O 14. g4 Nd6 15.
Bb3 h6 16. Ne4 Rad8 17. Qh4 Qe7 18. Qh3 Na5 19. Bc2 f5 20. Nxd6 Qxd6 21. Ne5 g5
22. gxf5 exf5 23. Nc4 Nxc4 24. dxc4 g4 25. Qg3 Qc6 26. Kf2 h5 27. Ke2 Rfe8+ 28.
Be3 h4 29. Qf2 Rxe3+ 30. Qxe3 Re8 31. Bxf5 Rxe3+ 32. Kxe3 g3 33. hxg3 hxg3 34.
Rad1 Qe8+ 35. Kd2 g2 36. Rfe1 Qb8 37. Kc2 Bf3 38. Rd7 Qxf4 39. Re8+ Bf8 40.
Bh7+ Kh8 41. Re1 Bg4 0-1

[Event "2. Bundesliga Ost 2012/2013"]
[Site "6.+7.10., 17.+18.11., 1.12., 2.+3.2., 9.+10.3., 6.
[Date "2012.12.01"]
[Round "5"]
[Board "4"]
[White "Sadilek, Maximilian"]
[Black "Koffler, Daniel"]
[Result "1-0"]
[WhiteElo "2165"]
[BlackElo "2201"]
[PlyCount "89"]
[EventDate "2012.10.06"]
[EventType "team"]
[EventRounds "11"]
[EventCountry "AUT"]
[WhiteTeam "tschaturanga"]
[BlackTeam "Blackburne Nickelsdorf"]

1. e4 e5 2. Nf3 Nc6 3. Bc4 Nf6 4. d3 Be7 5. O-O O-O 6. Re1 d6 7. a4 Kh8 8. Nc3
Be6 9. Nd5 Bxd5 10. exd5 Nb4 11. c3 Nbxd5 12. Qb3 c6 13. Qxb7 Qd7 14. Qxd7 Nxd7
15. d4 Bf6 16. dxe5 Nxe5 17. Bxd5 cxd5 18. Rd1 Nxf3+ 19. gxf3 d4 20. cxd4 Rab8
21. Bf4 Rfd8 22. Rd2 g5 23. Be3 d5 24. Rc1 Rd7 25. Rc6 Kg7 26. a5 Rb5 27. a6
Bd8 28. h4 f6 29. hxg5 fxg5 30. f4 g4 31. Kg2 Bb6 32. Kg3 Ra5 33. Kxg4 Rxa6 34.
f5 Ra1 35. Bf4 Rh1 36. Be5+ Kf7 37. Rf6+ Kg8 38. Rc2 Rd8 39. Rc3 Rf8 40. Rxf8+
Kxf8 41. Rc8+ Kf7 42. Rb8 Rg1+ 43. Kf4 h5 44. Rb7+ Kg8 45. f6 1-0

[Event "2. Bundesliga Ost 2012/2013"]
[Site "6.+7.10., 17.+18.11., 1.12., 2.+3.2., 9.+10.3., 6.
[Date "2012.12.01"]
[Round "5"]
[Board "6"]
[White "Sepetavc, Walter"]
[Black "Steinert, Martin"]
[Result "1/2-1/2"]
[WhiteElo "2016"]
[BlackElo "2094"]
[PlyCount "112"]
[EventDate "2012.10.06"]
[EventType "team"]
[EventRounds "11"]
[EventCountry "AUT"]
[WhiteTeam "tschaturanga"]
[BlackTeam "Blackburne Nickelsdorf"]

1. e4 d5 2. exd5 Qxd5 3. Nc3 Qd6 4. d4 Nf6 5. Nf3 Nc6 6. d5 Nb4 7. Bb5+ Bd7 8.
Bc4 Bf5 9. Bb3 O-O-O 10. Be3 Nbxd5 11. Qe2 a6 12. O-O e6 13. Rfd1 c5 14. Na4
Qc7 15. Bg5 Be7 16. Ne5 Bg6 17. c4 Nb4 18. Bf4 Nh5 19. Bd2 Nc6 20. Nxc6 Qxc6
21. Be3 Nf6 22. Nc3 Ne4 23. Nxe4 Qxe4 24. f3 Qe5 25. Qf2 h5 26. g3 h4 27. Bf4
hxg3 28. Qxg3 Qxb2 29. Bb8 e5 30. Bxe5 Qa3 31. Bb8 Qa5 32. Ba7 Qc7 33. Rxd8+
Bxd8 34. Qg4+ Qd7 35. Qxd7+ Kxd7 36. Bxc5 Bc7 37. a4 Kc8 38. Re1 Bxh2+ 39. Kg2
Bf4 40. Re7 Rh2+ 41. Kg1 Rh8 42. Bb6 Bd6 43. Re2 f6 44. c5 Be5 45. c6 Rh4 46.
Bc2 Bxc2 47. Rxc2 bxc6 48. Rxc6+ Kb7 49. Re6 Rxa4 50. Be3 g5 51. Bxg5 Ra2 52.
Bxf6 Bxf6 53. Rxf6 a5 54. f4 a4 55. Rd6 a3 56. Rd3 Kc6 1/2-1/2

[Event "2. Bundesliga Ost 2012/2013"]
[Site "6.+7.10., 17.+18.11., 1.12., 2.+3.2., 9.+10.3., 6.
[Date "2012.12.01"]
[Round "5"]
[Board "2"]
[White "Loeffler, Stefan"]
[Black "Wagner, Stefan"]
[Result "1-0"]
[WhiteElo "2410"]
[BlackElo "2178"]
[PlyCount "81"]
[EventDate "2012.10.06"]
[EventType "team"]
[EventRounds "11"]
[EventCountry "AUT"]
[WhiteTeam "ASVOe VHS Poechlarn"]
[BlackTeam "Zwettl 2"]

1. d4 Nf6 2. c4 e6 3. Nf3 Bb4+ 4. Bd2 Bxd2+ 5. Qxd2 d6 6. Nc3 Nbd7 7. g4 Nxg4
8. Rg1 h5 9. h3 Nh6 10. Rxg7 b6 11. Rg5 Nf6 12. e4 Bb7 13. Qf4 Rg8 14. Be2 Rxg5
15. Qxg5 Nfg8 16. Qxh5 Qf6 17. a4 O-O-O 18. a5 c5 19. axb6 axb6 20. Rd1 Qf4 21.
Qg5 Qxg5 22. Nxg5 Nf6 23. f4 cxd4 24. Rxd4 e5 25. fxe5 dxe5 26. Rxd8+ Kxd8 27.
Kd2 Nd7 28. Nd5 Bxd5 29. cxd5 Ke7 30. Ke3 f5 31. exf5 Nxf5+ 32. Kf2 Nf6 33. Bg4
Nxg4+ 34. hxg4 Nh6 35. Kf3 Kd6 36. Ke4 Nxg4 37. Nf7+ Kc5 38. d6 Kc6 39. Nxe5+
Kxd6 40. Nxg4 Kc5 41. Kd3 1-0

[Event "2. Bundesliga Ost 2012/2013"]
[Site "6.+7.10., 17.+18.11., 1.12., 2.+3.2., 9.+10.3., 6.
[Date "2012.12.01"]
[Round "5"]
[Board "3"]
[White "Vyskocil, Neklan"]
[Black "Kostic, Vladimir"]
[Result "1-0"]
[WhiteElo "2368"]
[BlackElo "2417"]
[PlyCount "79"]
[EventDate "2012.10.06"]
[EventType "team"]
[EventRounds "11"]
[EventCountry "AUT"]
[WhiteTeam "Zwettl 2"]
[BlackTeam "ASVOe VHS Poechlarn"]

1. d4 Nf6 2. Nf3 e6 3. e3 c5 4. Bd3 Nc6 5. O-O Qc7 6. c4 a6 7. Nc3 Bd6 8. dxc5
Bxc5 9. a3 Be7 10. b3 Ng4 11. Bb2 h5 12. Rc1 Bf6 13. Qe2 Nce5 14. Nxe5 Bxe5 15.
f4 Bd6 16. Ne4 Be7 17. h3 Nf6 18. c5 Qc6 19. Qf3 Qd5 20. Nxf6+ Bxf6 21. Qxd5
exd5 22. Bxf6 gxf6 23. Be2 Ke7 24. Bf3 Rb8 25. Rfd1 b6 26. b4 a5 27. b5 bxc5
28. Rxc5 Bb7 29. a4 Kd6 30. Rc3 Rbc8 31. Rxc8 Rxc8 32. Bxh5 Rc3 33. Kf2 Rc2+
34. Be2 f5 35. Rd4 Ke7 36. Ke1 Ra2 37. h4 Ra1+ 38. Kf2 Ra2 39. Kf3 d6 40. Bd3
1-0

[Event "2. Bundesliga Ost 2012/2013"]
[Site "6.+7.10., 17.+18.11., 1.12., 2.+3.2., 9.+10.3., 6.
[Date "2012.12.01"]
[Round "5"]
[Board "4"]
[White "Weinzettl, Ernst"]
[Black "Buchnicek, Petr"]
[Result "1-0"]
[WhiteElo "2257"]
[BlackElo "2352"]
[PlyCount "91"]
[EventDate "2012.10.06"]
[EventType "team"]
[EventRounds "11"]
[EventCountry "AUT"]
[WhiteTeam "ASVOe VHS Poechlarn"]
[BlackTeam "Zwettl 2"]

1. e4 d5 2. exd5 Nf6 3. Bb5+ Bd7 4. Be2 Nxd5 5. d4 Bf5 6. Nf3 e6 7. O-O Be7 8.
c4 Nb6 9. Nc3 O-O 10. Be3 Nc6 11. Qd2 Bf6 12. Rad1 Qe7 13. h3 h6 14. Rfe1 Rfd8
15. Qc1 Rd7 16. c5 Nd5 17. Nxd5 exd5 18. Bb5 Qf8 19. Bxc6 bxc6 20. Bxh6 Be4 21.
Ne5 Bxe5 22. dxe5 Re7 23. Bf4 f6 24. exf6 gxf6 25. Bh6 Qf7 26. f3 Bg6 27. Rxe7
Qxe7 28. Re1 Qf7 29. Qf4 Rb8 30. b3 a5 31. Qg4 Re8 32. Rxe8+ Qxe8 33. Bd2 Kg7
34. Qd4 Qe2 35. Bc3 Qe7 36. Bxa5 Bb1 37. a4 Bc2 38. Bc3 Bxb3 39. a5 Bc4 40. h4
Kg6 41. h5+ Kxh5 42. Qxf6 Qe3+ 43. Kh2 Qf2 44. Qh8+ Kg6 45. Qg7+ Kh5 46. Bf6
1-0

[Event "2. Bundesliga Ost 2012/2013"]
[Site "6.+7.10., 17.+18.11., 1.12., 2.+3.2., 9.+10.3., 6.
[Date "2012.12.01"]
[Round "5"]
[Board "5"]
[White "Fiala, Vaclav"]
[Black "Wilke, Werner"]
[Result "1/2-1/2"]
[WhiteElo "2188"]
[BlackElo "2249"]
[PlyCount "92"]
[EventDate "2012.10.06"]
[EventType "team"]
[EventRounds "11"]
[EventCountry "AUT"]
[WhiteTeam "Zwettl 2"]
[BlackTeam "ASVOe VHS Poechlarn"]

1. e4 c5 2. Nf3 Nc6 3. c3 e6 4. d4 d5 5. e5 f6 6. a3 fxe5 7. dxe5 Nge7 8. Bd3
g6 9. O-O Bg7 10. Bf4 O-O 11. Qc1 Bd7 12. Re1 Rc8 13. Bc2 b5 14. Bh6 Nf5 15.
Bxg7 Kxg7 16. Qg5 Qxg5 17. Nxg5 h6 18. Nf3 g5 19. h3 Be8 20. b4 Bg6 21. Nbd2 d4
22. Bxf5 Bxf5 23. cxd4 Nxd4 24. Nxd4 cxd4 25. Nb3 Rc4 26. Rad1 Rd8 27. Nc5 h5
28. f3 g4 29. hxg4 hxg4 30. fxg4 Bxg4 31. Rd3 Rc3 32. Re4 Bf5 33. Rdxd4 Rxd4
34. Rxd4 Rxa3 35. Kf2 Kf7 36. g4 Bc2 37. Rd7+ Ke8 38. Rb7 Bb3 39. Rxb5 Bd5 40.
Ra5 Rf3+ 41. Ke1 Re3+ 42. Kd2 Rxe5 43. Rxa7 Rg5 44. b5 Rxg4 45. b6 Rb4 46. b7
Bxb7 1/2-1/2